000 00316nam a2200133Ia 4500
005 20251222144710.0
008 251222s9999||||xx |||||||||||||| ||spa||
020 _a968-24-7674-7
082 _a635.642/L51
100 _aLesur, Luis
245 0 _aManual del Cultivo del Tomate:
264 _bTrillas
942 _cLIB
999 _c17796
_d17796